| 000 | 00732nam a2200229Ia 4500 | ||
|---|---|---|---|
| 003 | OSt | ||
| 005 | 20220208123704.0 | ||
| 008 | 210716s2009 xx 000 0 und d | ||
| 020 | _a9788189938246 | ||
| 040 | _cAIMIT LIBRARY | ||
| 041 | _aeng | ||
| 082 |
_a658.4 _21 _bSAGM |
||
| 100 |
_aSagini, Meshack M. _917864 |
||
| 245 |
_aOrganizational behavior: _bchallenges of the new millennium. _cBy Meshack M, Sagini. |
||
| 250 | _a1st ed. | ||
| 260 |
_aNew Delhi : _c2009. _bOverseas Press India Pvt. Ltd. , |
||
| 300 |
_a731p. ; _c21.5 cm. |
||
| 650 |
_aOrganizational work motivation _917865 |
||
| 650 |
_aOrganizational technology _917866 |
||
| 650 |
_aOrganizational decision making _917867 |
||
| 942 |
_2ddc _cBK _e1st _k658.4 SAGM |
||
| 999 |
_c207462 _d207462 |
||